Images par lettre - M - Statistiques

Statistiques générales
  • Ce quiz a été pris 489 fois
    395 depuis la dernière actualisation
  • Le résultat moyen est 11 sur 15
Statistiques - réponses
Par images Réponse % Correct
Macaron
97%
Mangue
97%
Menthe
97%
Mammouth
95%
Monopoly
95%
Moutarde
91%
Muffin
91%
Mascara
90%
Meringue
84%
Moscou
70%
Mali
65%
Malaisie
49%
Mexique
44%
Madagascar
34%
Milan
29%
Aucun quiz correspondant
Distribution des résultats
% des personnes avec chaque résultat
Percentile par nombre de réponses
Votre historique - résultats
Vous n’avez pas pris ce quiz depuis la dernière actualisation